| 000 | 00714nam a22002057a 4500 | ||
|---|---|---|---|
| 999 |
_c18622 _d18622 |
||
| 003 | AR-CdUCM | ||
| 008 | 190514b ||||| |||| 00| 0 spa d | ||
| 040 |
_aMUNICIPALIDAD PROVINCIAL DEL CUSCO _cBIBLIOTECA MUNICIPAL DEL CUSCO |
||
| 082 |
_22ed. _a288 / _bM26 |
||
| 100 |
_aMarzal, Manuel M. _939319 |
||
| 245 |
_aLos caminos religiosos de los inmigrantes en la gran Lima : _bEl caso de El Agustino / |
||
| 260 |
_aPerú : _bPUCP, _c1989. |
||
| 300 |
_a452 páginas ; _c21 cm. |
||
| 505 | _aContenido : Introducción -- El mundo del el Agustino -- La iglesia cultural ... | ||
| 650 |
_aSociales _928612 |
||
| 650 |
_aInmigrantes _92747 |
||
| 650 |
_aPerú _935 |
||
| 942 |
_2ddc _cLIBROS |
||
| 945 |
_arah _d2019/05/14 |
||